<?xml version="1.0" encoding="UTF-8"?>
<record
    xmlns:xsi="http://www.w3.org/2001/XMLSchema-instance"
    xsi:schemaLocation="http://www.loc.gov/MARC21/slim http://www.loc.gov/standards/marcxml/schema/MARC21slim.xsd"
    xmlns="http://www.loc.gov/MARC21/slim">

  <leader>00762nab a2200205uuc4500</leader>
  <controlfield tag="001">1390729</controlfield>
  <controlfield tag="005">20240921090810.0</controlfield>
  <controlfield tag="008">141106e20111205                    spa  </controlfield>
  <datafield tag="035" ind1=" " ind2=" ">
    <subfield code="a">1390729</subfield>
  </datafield>
  <datafield tag="040" ind1=" " ind2=" ">
    <subfield code="c">comduadb</subfield>
  </datafield>
  <datafield tag="041" ind1=" " ind2=" ">
    <subfield code="a">spa</subfield>
  </datafield>
  <datafield tag="100" ind1="1" ind2="0">
    <subfield code="a">Chaman Garc&#xED;a, Iv&#xE1;n</subfield>
    <subfield code="4">aut</subfield>
    <subfield code="e">aut</subfield>
    <subfield code="9">699099</subfield>
  </datafield>
  <datafield tag="245" ind1="1" ind2="0">
    <subfield code="a">Ajuste e integraci&#xF3;n num&#xE9;rica de funciones muy oscilantes usando redes neuronales artificiales supervisadas</subfield>
  </datafield>
  <datafield tag="650" ind1=" " ind2="7">
    <subfield code="a">Redes neurales (Computadores)</subfield>
    <subfield code="2">lemb</subfield>
    <subfield code="9">198995</subfield>
  </datafield>
  <datafield tag="650" ind1=" " ind2="7">
    <subfield code="a">Integraci&#xF3;n num&#xE9;rica</subfield>
    <subfield code="2">lemb</subfield>
    <subfield code="9">32912</subfield>
  </datafield>
  <datafield tag="650" ind1=" " ind2=" ">
    <subfield code="a">Funciones oscilantes</subfield>
    <subfield code="9">212281</subfield>
  </datafield>
  <datafield tag="700" ind1="1" ind2="0">
    <subfield code="a">Sandoval Sol&#xED;s, Lourdes</subfield>
    <subfield code="4">aut</subfield>
    <subfield code="e">aut</subfield>
    <subfield code="9">682397</subfield>
  </datafield>
  <datafield tag="773" ind1="0" ind2=" ">
    <subfield code="t">Investigaci&#xF3;n Operacional (La Habana)</subfield>
    <subfield code="g">Vol. 32, No. 03, 2011, 193-203</subfield>
    <subfield code="w">508470</subfield>
    <subfield code="x">0257-4306</subfield>
    <subfield code="0">122068</subfield>
  </datafield>
  <datafield tag="942" ind1=" " ind2=" ">
    <subfield code="c">ARIMP</subfield>
  </datafield>
  <datafield tag="999" ind1=" " ind2=" ">
    <subfield code="c">698432</subfield>
    <subfield code="d">698432</subfield>
  </datafield>
</record>
